Countries with the most cats - Statistics

General Stats
  • This quiz has been taken 24 times
  • The average score is 8 of 10
Answer Stats
Hint Answer % Correct
74.1M United States
96%
14.9M France
92%
15.2M Germany
92%
23.1M Russia
92%
53.1M China
88%
12M United Kingdom
88%
12.5M Brazil
83%
10.2M Italy
83%
7.3M Japan
79%
7.6M Ukraine
46%
No matching quizzes found
Score Distribution
Percent of People with Each Score
Percentile by Number Answered
Your Score History
You have not taken this quiz